FETC focus.

Bibliographic Details
Corporate Authors: Federal Energy Technology Center (U.S.), United States. Office of Fossil Energy
Format: Government Document Serial
Language:English
Published: [Pittsburgh, Pa.] : [Washington, D.C.] : Federal Energy Technology Center ; U.S. Dept. of Energy, Office of Fossil Energy, 1998-
Subjects:

MARC

Tag First Indicator Second Indicator Subfields
LEADER 00000cas a2200000 a 4500
001 in00000001678
005 20151007050630.0
008 981029c19989999pauuu f0 0eng d
010 |a sn 99034499  
035 |a (OCoLC)ocm40411629 
035 |9 AJC4130AM 
040 |a SEN  |c SEN  |d GPO  |d MvI  |d UtOrBLW 
042 |a lcd 
043 |a n-us--- 
049 |a UDOC 
074 |a 0429-A 
074 |a 0429-A (online) 
086 0 |a E 1.2:SO 4/20/ 
245 0 0 |a FETC focus. 
246 2 |a Federal Energy Technology Center focus 
246 3 |a Focus 
264 1 |a [Pittsburgh, Pa.] :  |b Federal Energy Technology Center ;  |a [Washington, D.C.] :  |b U.S. Dept. of Energy, Office of Fossil Energy,  |c 1998- 
336 |a text  |b txt  |2 rdacontent 
337 |a unmediated  |b n  |2 rdamedia 
338 |a volume  |b nc  |2 rdacarrier 
362 0 |a Sept. 1998- 
300 |a volumes :  |b color illustrations ;  |c 28 cm. 
500 |a Address: Office of Fossil Fuel Energy, U.S. Dept. of Energy, 1000 Independence Ave., SW, Forrestal Bldg., Washington, DC 20585. 
500 |a Title from cover. 
500 |a Each volume also has a distinctive title. 
500 |a Latest issue consulted: fall 1999. 
500 |a Shipping List #: 99-0021-P 
500 |a Shipping List Date: 10/23/98 
515 |a Issue for Sept. 1998 called also premier issue. 
650 0 |a Power resources  |z United States  |v Periodicals. 
650 0 |a Energy conservation  |z United States  |v Periodicals. 
650 0 |a Energy consumption  |z United States  |v Periodicals. 
710 2 |a Federal Energy Technology Center (U.S.) 
710 1 |a United States.  |b Office of Fossil Energy. 
999 |a MARS 
999 f f |s 0f52ee57-34b4-366d-84c3-4bb3f173e86f  |i 85ee7deb-d1b6-3c47-b542-6fc9a6ac0e9c  |t 0 
952 f f |p normal  |a Texas A&M University  |b College Station  |c Sterling C. Evans Library  |d Evans: US Documents (Annex 5th floor)  |t 0  |e E 1.2:SO 4/20  |h Superintendent of Documents classification  |i unmediated -- volume  |m A14824404184 
998 f f |a E 1.2:SO 4/20  |t 0  |l Evans: US Documents (Annex 5th floor)